000 00591nam a2200181 i 4500
001 88717
003 ES-MaACL
005 20231226145006.0
007 t|
008 050105s1960 sp ||||1| spa d
100 1 _aLarra, Mariano José de,
_d1809-1837
_970287
245 1 0 _aArtículos selectos /
_cMariano José de "Fígaro" (seud) ; selección, prólogo y notas por Emiliano M. Aguilera.
260 _a[Barcelona :
_bIberia,
_c1960]
300 _a367 p. ;
_c19 cm.
700 1 _aAguilera, Emiliano M.
_918758
852 _aES-MaACL
_jE-2421
_bR.47448
999 _c88717
_d88717